000 01383nam a2200337 i 4500
001 000027702
003 DO-SdBNP
005 20260531010014.0
007 ta
008 110404s1996 dr ac 000 0 spa d
040 _aDO-SdBNP
_bspa
_cBNPHU
_erda
082 _a972.9304
_bR696e
_223
100 _4aut.
_aRodríguez Grullón, Julio M.
_913984
_d1937-
_eautor
245 1 3 _aLa era del Campeche /
_cJulio M. Rodríguez Grullón; prólogo, Euclides Gutiérrez Félix
250 _aPrimera edición
264 1 _aSanto Domingo;
_bDistribuidora Rod,
_c1996
300 _a89 páginas
_bilustraciones, retratos
_c22 cm.
336 _atexto
_btxt
_2rdacontent
337 _asin mediciación
_bn
_2rdamedia
338 _avolumen
_bnc
_2rdacarrier
500 _aIncluye datos biografícos del autor en la contraportada.
590 _aInventariado, 2024/ YL
600 7 _2Armarc
_aMartí Pérez, José Julian
_d1853-1895
_vBiografía
_989808
600 7 _2Armarc
_aGómez Báez, Máximo,
_d1836-1895
_vBiografía
_989809
600 7 _2Armarc
_aConde Vásquez, Beningno Daniel
_d1857-1901
_vBiografía
_989810
651 7 _2Armarc
_aRepública Dominicana
_xHistoria
_ySiglo XIX
_96900
651 7 _2Armarc
_aRepública Dominicana
_xCondiciones Económicas
_zSiglo XIX
_989811
700 1 _4prol.
_aGutiérrez Félix, Euclides,
_d1936-
_95673
_epróloguista
910 _aYLockward
942 _2ddc
_cLFPD
999 _c27194
_d27194